000 00815nam a22002537a 4500
005 20170123162302.0
010 _aB-097578
020 _c150.00
_a8182230144
035 _aB-097578
037 _bCen Lib/Ret
040 _aDPL
_bUR
082 _a841
_bن ع م
100 _aنعمان شوق
_9139805
245 _a: فریزر میں رکھی شام
_cنعمان شوق
_b/ نظمیں
246 _aFreezer main rakhi shaam : nazmein
_bby Nauman shauq
260 _aدہلی
_bایجوکیشنل پبلشنگ ہاؤس
_c2004
270 _bدہلی
_e110006
300 _a144p.
_c22cm(Hb)
650 _aاردو ادب
_x
_z
_9139806
650 _aاردو شاعری
_v
_9139807
650 _aUrdu adab
_9139808
650 _aUrdu Shayari
_9139809
942 _2ddc
_cUR
_h841
_kن ع م
999 _c106076
_d106076